| 000 | 00344nam a22001457a 4500 | ||
|---|---|---|---|
| 003 | SGT | ||
| 020 | _a9788123927114 | ||
| 082 |
_a150 _bE17G |
||
| 100 | _aGOWDA, KRISHNE | ||
| 245 | _aESSENTIALS PSYCHOLOGY FOR BSC NURSING STUDENTS | ||
| 260 |
_aINDIA _bCBS PUB _c2017 |
||
| 300 | _a346 | ||
| 650 | _aPSYCHOLOGY NURSING | ||
| 942 |
_2ddc _cBK _064 |
||
| 999 |
_c21922 _d21922 |
||